00420 2200181 4500001002100000005001500021035002000036008004100056245002900097100001600126250000600142260003000148300001200178084001400190082000800204650001400212990001200226INLIS00000000000006620240502103728 a0010-0424000042240502 0 ind 1 aGeografi X /cCut Meurah aMeurah, Cut a1 aJakarta :bPhibeta,c2006 a193 hlm a900 CUT g a900 4aNon Fiksi a0737315